| 000 | 00713nam a2200253Ia 4500 | ||
|---|---|---|---|
| 008 | 180628s9999 xx 000 0 und d | ||
| 020 | _a978-971-98-0933-3 | ||
| 050 | _aFIL QA 36.5 | ||
| 050 | _b.N63 2018 | ||
| 100 | _aNocon, Rizaldi C. | ||
| 245 | 0 | _aEssentials mathematics for the modern world / | |
| 245 | 0 | _cRizaldi C. Nocon, Ederlina G. Nocon. | |
| 260 | _aQuezon City : | ||
| 260 | _bC & E Publishing, | ||
| 260 | _c2018 | ||
| 300 | _a507 pages : | ||
| 300 | _billustrations ; | ||
| 300 | _c22 cm. | ||
| 500 | _aIncludes bibliographical references and index. | ||
| 650 | _aBusiness mathematics. | ||
| 650 | _aMathematics. | ||
| 650 | _xCalculus. | ||
| 650 | _xMathematical statistics. | ||
| 999 |
_c358129 _d358129 |
||